Conversaciones con Mies van der Rohe: certezas americanas

Saved in:
Bibliographic Details
Main Author: Puente, Moisés (Author)
Format: Book
Language:Spanish
Published: Barcelona Gustavo Gili 2010
Edition:1a. ed
Subjects:
Tags: Add Tag
No Tags, Be the first to tag this record!

MARC

LEADER 00000cam a2200000 a 4500
001 UCF2988
003 CL-VaPUC
008 120914e20100000SP |||||||||||||||||spa|d
020 |a 9788425220470 
082 0 4 |a 720.92  |b PUE  |2 21 
100 0 |a Puente, Moisés  |e author  |9 564874 
245 1 0 |a Conversaciones con Mies van der Rohe: certezas americanas 
250 |a 1a. ed 
300 |a 94 p 
942 |c BK 
945 |d 20120914 00:00:00  |a dcastane 
260 |a Barcelona  |b Gustavo Gili  |c 2010 
650 0 |a Arquitectura estadounidense   |9 370610 
650 0 |a Arquitectos estadounidenses   |9 444325 
650 0 |a Biografías  |9 255210 
650 0 |a Entrevistas  |9 265537 
583 |a last modification  |c 20120914 00:13:00  |k Rodrigo Vera 
999 |c 349519  |d 349517 
952 |0 0  |1 0  |4 0  |6 720_920000000000000_PUE_2010  |7 0  |8 A  |9 452147  |a BIBARQ  |b BIBARQ  |d 2019-11-22  |i 4903099  |l 1  |o 720.92 PUE 2010  |p 4903099  |r 2025-01-20  |s 2020-03-16  |w 2019-11-22  |y BK  |k ARQ